Spôsoby vykazovania a hodnotenia výsledkov spoločensky zodpovedného podnikania

Koncepcia spoločensky zodpovedného podnikania (CSR) monitoruje aktivity podniku a ich dopad na okolie. Zachovanie konkurencieschopnosti a trvalo udržateľného rozvoja pri vytváraní inovatívnych riešení.

Gespeichert in:
Bibliographische Detailangaben
1. Verfasser: Tokarčíková, Emese
Weitere Verfasser: Poniščiaková, Oľga
Format: Buchkapitel
Sprache:Slowakisch
Schlagworte:
Tags: Tag hinzufügen
Keine Tags, Fügen Sie das erste Tag hinzu!

MARC

LEADER 00000naa a2200000 4500
001 0196319
005 20231207080145.7
041 0 |a slo 
044 |a SK 
245 1 0 |a Spôsoby vykazovania a hodnotenia výsledkov spoločensky zodpovedného podnikania  |c Emese Tokarčíková, Oľga Poniščiaková 
520 |a Koncepcia spoločensky zodpovedného podnikania (CSR) monitoruje aktivity podniku a ich dopad na okolie. Zachovanie konkurencieschopnosti a trvalo udržateľného rozvoja pri vytváraní inovatívnych riešení. 
610 2 0 |a zodpovednosť podniku spoločenská 
610 2 0 |a stratégia podniková 
610 2 0 |a inovácia 
610 2 0 |a transparentnosť 
610 2 0 |a efektívnosť podnikania 
100 1 |a Tokarčíková, Emese 
700 1 |a Poniščiaková, Oľga